As práticas colaborativas sob a perspectiva da experiência brasileira (Registro nro. 171825)
[ vista simple ]
| 000 -LEADER | |
|---|---|
| fixed length control field | 02226nam a22002777a 4500 |
| 007 - PHYSICAL DESCRIPTION FIXED FIELD--GENERAL INFORMATION | |
| fixed length control field | cr|||| |||| |
| 008 - FIXED-LENGTH DATA ELEMENTS--GENERAL INFORMATION | |
| fixed length control field | 220719s2022 br |||||s|||| 00||0 por d |
| 020 ## - INTERNATIONAL STANDARD BOOK NUMBER | |
| International Standard Book Number | 978658935188-7 |
| 035 ## - | |
| -- | 36727 |
| 040 ## - CATALOGING SOURCE | |
| Original cataloging agency | vLex |
| 090 ## - | |
| -- | 13589 |
| -- | 13589 |
| 100 1# - MAIN ENTRY--PERSONAL NAME | |
| Personal name | Zuardi, Felícia |
| 245 12 - TITLE STATEMENT | |
| Title | As práticas colaborativas sob a perspectiva da experiência brasileira |
| Medium | [Recurso electrónico] / |
| Statement of responsibility, etc | Felícia Zuardi, Celia Caiuby, Livia Caetano |
| Number of part/section of a work | VOL. II |
| 256 ## - | |
| -- | Servicio en línea |
| 260 ## - PUBLICATION, DISTRIBUTION, ETC. (IMPRINT) | |
| Place of publication, distribution, etc | Rio de Janeiro: |
| Name of publisher, distributor, etc | Editora Processo, |
| Date of publication, distribution, etc | 2022 |
| 300 ## - PHYSICAL DESCRIPTION | |
| Extent | 1 recurso electrónico |
| 500 ## - GENERAL NOTE | |
| General note | Uma realização da comissão especial de práticas colaborativas da OAB/RJ - VOL. II. Em meados de 2021, tivemos a honra e a responsabilidade de lançar, pela mesma editora Processo, o primeiro volume da obra coletiva Práticas Colaborativas sob a perspectiva da experiência brasileira. Este livro reuniu uma coletânea de artigos de múltiplos autores, com formações diversas e visões diferentes sobre as Práticas Colaborativas e temas afins. A obra foi coordenada com muito empenho, porque para nós, fazia muito sentido falar sobre o método, no contexto brasileiro. O retorno dos leitores seguiu o mesmo caminho. Muitos nos procuram para enfatizar a relevância do debate e da produção de material de consulta com base na cultura, experiência e realidade brasileira sobre o tema, o que nos gerou entusiasmo e a certeza de que estávamos no caminho certo. Assim, percebendo que outros assuntos poderiam ser explorados e desenvolvidos, e, ainda, que existiam profissionais altamente qualificados para escrevê-los, constatamos que seria um desperdício não organizar um segundo volume. |
| 506 1# - RESTRICTIONS ON ACCESS NOTE | |
| Terms governing access | Disponible solo en los productos indicados |
| Authorized users | vLex Global |
| -- | vLex Global (Academic Edition, excluding Law Schools) |
| -- | vLex Global (U.S. Academic Edition, Law Schools) |
| -- | vLex Global (U.S. Academic Edition, excluding Law Schools) |
| -- | vLex Global (Academic Edition, Law Schools) |
| 650 04 - SUBJECT ADDED ENTRY--TOPICAL TERM | |
| Topical term or geographic name as entry element | Familia y Sucesiones |
| Geographic subdivision | Brasil |
| 700 1# - ADDED ENTRY--PERSONAL NAME | |
| Personal name | Caiuby, Celia |
| 700 1# - ADDED ENTRY--PERSONAL NAME | |
| Personal name | Caetano, Livia |
| 740 0# - | |
| -- | vLex Libros (Servicio en línea) |
| 856 40 - LOCALIZACIÓN Y ACCESO ELECTRÓNICO | |
| Identificador Uniforme del Recurso (URI/URL) | https://app.vlex.com/#/sources/36727 |
| 942 ## - | |
| -- | RAA |
| 999 ## - | |
| -- | 171825 |
| -- | 171825 |
No hay ítems disponibles.